Slovakofarmu strieda MBK basketbalisti Pezinka sa opäť predstavia v najvyššej slovenskej súťaži

Bibliographic Details
Main Author: Klein, Radovan (Author)
Format: Article
Language:Slovak
PhysicalDescription:Fotogr., tab.
ISSN:0139-7001
Subjects:

MARC

LEADER 00000nab a2200000 ar4500
001 vtls008998145
003 SK-MaSNL
005 20260303065833.0
008 070614c20070606xo mr|p|||||||000 b|slo
015 |a SNKBUCL2007/06  |2 snkbucl 
038 |a SNKBUCL 
040 |a SNKBUCL  |b slo  |c SNKBUCL  |e AACR2 
041 0 |a slo 
044 |a xo  |c SK 
080 |a 796.323.2  |x (437.6)  |2 2001 
100 1 |a Klein, Radovan  |4 aut  |9 1034403 
245 1 0 |a Slovakofarmu strieda MBK  |b basketbalisti Pezinka sa opäť predstavia v najvyššej slovenskej súťaži  |c Radovan Klein 
300 |b Fotogr., tab. 
610 2 7 |a MBK Pezinok  |2 snkbucl  |9 1034756 
648 7 |a 2007  |2 snkbucl  |9 313226 
650 0 7 |a basketbal  |2 snkbucl  |9 3290 
650 0 7 |a muži  |2 snkbucl  |9 4888 
773 0 |t Šport  |g Roč. 61, č. 129 (6.6.2007), s. 34  |x 0139-7001 
852 |a SNK  |b KIS3GCP 
999 |c 1752940  |d 1754870